000 00630nam a2200229 4500
001 73910
003 BD-RjUL
005 20211209082448.0
008 170614s1931 enk 00101 eng d
035 _a(BD-RjUL)74128
040 _aANL
_beng
_cANL
_dBD-RjUL
041 _aeng
082 0 4 _a821.4
_bMIN 1931
_223
245 0 0 _aMinor poets of the 17th century /
_cSuckling...[et al.]
260 0 _aLondon :
_bDent,
_c1931
300 _axxviii, 386 p. ;
_c19 cm.
500 _aIncludes Indexes
650 0 _aEnglish poetry
_yEarly modern, 1500-1700.
_94392
700 _aSuckling.
_9218931
942 _2ddc
_cBK
999 _c73910
_d73910